Datum a čas kvízu
33
Celkem bodů
Celkový počet nahraných bodů na tomto kvízu bez doplňovacích otázek.
5.
Pořadí na kvízu
Konečné umístění týmu na tomto kvízu.
Zaznamenané odpovědi
| # | Otázka | Odpověď | Body | Výsledky |
|---|---|---|---|---|
| 1. | Pražští zastupitelé schválili... | luskoun | 0 | |
| 2. | Americký týdeník Time zveřejni... | Greta Thunbergová | 1 | |
| 3. | V pondělí nás ve věku 61 let o... | Marie Fredriksson, Per Gessle | 0 | |
| 4. | Moneta Money Bank podepsala sm... | Wüstenrot | 1 | |
| 5. | Slavia Praha se rozloučila s L... | Tomáš Souček | 1 | |
| 6. | Podíváme se na hlášky z různýc... | přilepšit si | 1 | |
| 7. | "Dám vám hádanku a když ji uhá... | kamizola | 1 | |
| 8. | Ty knedlíky připomínají vajíčk... | karety obrovské | 1 | |
| 9. | „Prase počká. Ty jsi přednější... | Pandrholo | 0 | |
| 10. | "Žvejka to je hrozný hnus, žve... | Willy Wonka | 0 |